Normal view
MARC view
Entry Personal Name
001 - CONTROL NUMBER
- control field: 18042
003 - CONTROL NUMBER IDENTIFIER
- control field: OSt
005 - DATE AND TIME OF LATEST TRANSACTION
- control field: 20220208152727.0
008 - FIXED-LENGTH DATA ELEMENTS
- fixed length control field: 220208|| aca||aabn | a|a d
040 ## - CATALOGING SOURCE
- Original cataloging agency: OSt
- Transcribing agency: OSt
100 ## - HEADING--PERSONAL NAME
- Personal name: Seijts, Gerard H
670 ## - SOURCE DATA FOUND
- Source citation: Work cat.: (OSt)202509: Seijts, Gerard H., Cases in prganizational behavior /, 2006.